Química del petróleo y del gas

Bibliographic Details
Main Author: Bogomólov, A.I
Format: Section = Libro
Language:Undetermined
Spanish
Published: Moscú Mir Moscú 1984
Subjects:
LEADER 00415nam a2200169Ia 4500
008 240829s9999 xx 000 0 und d
040 |a BIBLIOTECA-RUSB/ 547.83 Q6 
041 |a spa 
082 |a 547.83 Q6 
100 1 |a Bogomólov, A.I 
245 1 0 |a Química del petróleo y del gas 
260 |a Moscú  |b Mir Moscú  |c 1984 
300 |a 408 p. :il. 
650 7 |a PETROLEO 
942 |c BK  |2 ddc 
991 |a TEXTO 
999 |c 2542